000 00580nam a2200229Ia 4500
003 OSt
005 20221005115523.0
006 a|||||r|||| 00| 0
007 ta
008 221004b |||||||| |||| 00| 0 fre d
024 _a61867
037 _cTextual
040 _aCRL
_cCRL
_bfre
041 _2fre
_afre
082 _aO122,3M50x, 32J5
100 _aAachari N.V.
_9627664
245 0 _aChentha linwkal
260 _c1955
650 _aFRENCH LITERATURE
_913614
942 _hO122,3M50x, 32J5
_cTEXL
_2cc
999 _c1035078
_d1035078